00260nam a22000977a 4500082001300000100001600013245006000029260004400089300002100133563000800154 a909bWEL aWells, H.G. aThe Work, Wealth and Happiness of Mankind /cH.G. Wells aLondon :bWilliam Heinemann Ltd,c1934. a867 p. ;c22 cm. aHB.